2. Bundesliga Meister - Sudden Death - Statistiken

Allgemein
  • Dieses Quiz wurde 127 mal gespielt
  • Das Durchschnittsergebnis liegt bei 6 aus 24
Answers on the Grid
Answers color-coded by a green-red scale on the quiz's grid according to % correct below.
FC Schalke 04
Werder Bremen
SV Waldhof Mannheim
Karlsruher SC
FC 08 Homburg
Hamburger SV
Hannover 96
Stuttgarter Kickers
Fortuna Düsseldorf
Hertha BSC
Alemannia Aachen
VfB Lübeck
SC Freiburg
1.FC Saarbrücken / Bayer 05 Uerdingen
VfL Bochum
Dynamo Dresden
FC Hansa Rostock
1.FC Kaiserslautern
Holstein Kiel
Eintracht Frankfurt
Arminia Bielefeld
1.FC Köln
VfB Eppingen
1.FC Nürnberg
Karlsruher SC
TSG Hoffenheim
Borussia Mönchengladbach
SpVgg Greuther Fürth
FC Ingolstadt 04
Borussia Dortmund
VfB Stuttgart
VfL Wolfsburg
1. FC Heidenheim
SV Wehen Wiesbaden
1. FC Magdeburg
FC St. Pauli
 
Antwortstatistiken
Antwort % Korrekt
FC Schalke 04
79%
Hannover 96
36%
1.FC Köln
33%
FC St. Pauli
33%
1.FC Nürnberg
30%
VfB Stuttgart
30%
1.FC Kaiserslautern
28%
Fortuna Düsseldorf
28%
VfL Bochum
28%
SC Freiburg
26%
Karlsruher SC
25%
Eintracht Frankfurt
23%
1. FC Heidenheim
21%
Hertha BSC
21%
Karlsruher SC
21%
Arminia Bielefeld
18%
Borussia Mönchengladbach
16%
1.FC Saarbrücken / Bayer 05 Uerdingen
13%
FC Ingolstadt 04
13%
SpVgg Greuther Fürth
11%
FC 08 Homburg
10%
FC Hansa Rostock
10%
SV Waldhof Mannheim
10%
Stuttgarter Kickers
5%
Keine übereinstimmenden Quizze gefunden
Verteilung der Resultate
Anzahl Personen mit jedem Resultat
Perzentil nach korrekt beantworteten Fragen
Ihre Resultats-Entwicklung
Sie haben dieses Quiz noch nicht gespielt